000 01317nam0a22003131 4500
001 v19\rc\1334874
005 20060512114020.7
035 _a(NLR Aleph) 004484839
090 _a4622305
_c4622305
100 _a20060512d1852 |||y0rusy50 ca
101 1 _arus
_cger
102 _aRU
105 _aa z |||||
200 1 _aПрактическое наставление для обращения с паровыми машинами
_eРучная кн. для смотрителей машин, фабрикантов, заводчиков и винокуров
_eПер. с нем., с некоторыми изм. и доп.
_eС 149 политипажами, вырез. на дереве в Ремесл. учеб. заведении Имп. Моск. воспитат. дома
_fСоч. инж. Шолля
210 _aМосква
_cУнив. тип.
_d1852
215 _a323 с.
_cил.
_d24
300 _aАвт. указан в предисл.
300 _aВ конце предисл. пер.: А. Р.
700 1 _aШолль
_bЕ. Ф.
702 0 _aА.Р.
_4730
801 0 _aRU
_bNLR
_gpsbo
801 0 _aRU
_bRuMoRGB
_2psbo
801 1 _aRU
_bProSoft-M
_2rusmarc
852 _aNLR
_j18.68.3.50
899 _aRuMoRGB
_jS 23/35
899 _aБАН
899 _aНБ МГУ
942 _cBOOK
980 _aNB